امریکا کیا سوچ رہا ہے؟ (Record no. 8932)
[ view plain ]
| 000 -LEADER | |
|---|---|
| fixed length control field | 00337nam a2200121Ia 4500 |
| 082 ## - DEWEY DECIMAL CLASSIFICATION NUMBER | |
| Classification number | 320.97 |
| 100 ## - MAIN ENTRY--AUTHOR NAME | |
| Personal name | محمود شام |
| 245 #0 - TITLE STATEMENT | |
| Title | امریکا کیا سوچ رہا ہے؟ |
| 260 ## - PUBLICATION, DISTRIBUTION, ETC. (IMPRINT) | |
| Place of publication | کراچی |
| Name of publisher | ویلکم بک پورٹ (پرائیویٹ) لمیٹڈ |
| Year of publication | ٢٠٠٥ |
| 300 ## - PHYSICAL DESCRIPTION | |
| Number of Pages | ٤٣٦ صفحات |
| 650 ## - SUBJECT ADDED ENTRY--TOPICAL TERM | |
| Topical Term | America |
| 942 ## - ADDED ENTRY ELEMENTS (KOHA) | |
| Koha item type | Books |
| Withdrawn status | Lost status | Collection code | Permanent Location | Current Location | Shelving location | Date acquired | Full call number | Accession Number | Koha item type |
|---|---|---|---|---|---|---|---|---|---|
| | | Urdu Literature | MAJU | MAJU | Shelf No.A12 | 2019-09-14 | 320.97 | 4102 | Books |